000
00281nam a22001337a 4500
008
170922b xxu||||| |||| 00| 0 eng d
020
_a
0449007830
041
_a
eng
080
_a
37
100
_a
45
101
_a
EDU
245
_a
THE SENTENCE
_c
SMOLLIN,O
942
_2
udc
_c
BK
999
_c
28969
_d
28969